[Event "BCF-chT3 0910 (4NCL)"]
[Site "England"]
[Date "2010.03.27"]
[Round "7.3"]
[White "Hartford, Alun"]
[Black "Jamieson, Ian M"]
[Result "0-1"]
[WhiteElo "1746"]
[BlackElo "2016"]
[PlyCount "42"]
[EventDate "2009.10.24"]
[EventType "team-tourn"]
[EventRounds "11"]
[EventCountry "ENG"]
[SourceTitle "EXT 2011"]
[Source "ChessBase"]
[SourceDate "2010.11.26"]
[SourceVersion "1"]
[SourceVersionDate "2010.11.26"]
[SourceQuality "1"]
[WhiteTeam "Guildford"]
[BlackTeam "Guernsey Mates"]
[WhiteTeamCountry "ENG"]
[BlackTeamCountry "ENG"]

1. e4 e6 2. d4 d5 3. Nc3 dxe4 4. Nxe4 Nd7 5. Nf3 Be7 6. Bd3 Ngf6 7. c4 c5 8. 0-0 cxd4 9. Nxd4 Nc5 10. Nxc5 Qxd4 11. Be3 Qe5 12. b4 0-0 13. Bd4 Qc7 14. f4 Rd8 15. Bxf6 Bxf6 16. Rb1 Bd4+ 17. Kh1 Bxc5 18. bxc5 Bd7 19. Rb3 Ba4 20. Bxh7+ Kf8 21. Rxb7 Rxd1 0-1